<?xml version="1.0" encoding="UTF-8"?>
<record
    xmlns:xsi="http://www.w3.org/2001/XMLSchema-instance"
    xsi:schemaLocation="http://www.loc.gov/MARC21/slim http://www.loc.gov/standards/marcxml/schema/MARC21slim.xsd"
    xmlns="http://www.loc.gov/MARC21/slim">

  <leader>00435nam a2200169Ia 4500</leader>
  <controlfield tag="003">3228</controlfield>
  <controlfield tag="005">20250415103502.0</controlfield>
  <controlfield tag="008">220713s9999    xx            000 0 und d</controlfield>
  <datafield tag="020" ind1=" " ind2=" ">
    <subfield code="a">9780624029762</subfield>
    <subfield code="q">Paperback</subfield>
  </datafield>
  <datafield tag="040" ind1=" " ind2=" ">
    <subfield code="a">RDA</subfield>
    <subfield code="c">3228</subfield>
  </datafield>
  <datafield tag="082" ind1=" " ind2=" ">
    <subfield code="a">AJF HOUG</subfield>
  </datafield>
  <datafield tag="100" ind1=" " ind2=" ">
    <subfield code="a">Hough, Barrie  </subfield>
    <subfield code="9">86610</subfield>
  </datafield>
  <datafield tag="245" ind1=" " ind2="0">
    <subfield code="a">Droomwa</subfield>
  </datafield>
  <datafield tag="260" ind1=" " ind2=" ">
    <subfield code="a">Kaapstad ;</subfield>
    <subfield code="b">Tafelberg,</subfield>
    <subfield code="c">2010</subfield>
  </datafield>
  <datafield tag="300" ind1=" " ind2=" ">
    <subfield code="a">80 pages;</subfield>
    <subfield code="c">21 cm</subfield>
  </datafield>
  <datafield tag="942" ind1=" " ind2=" ">
    <subfield code="c">BK</subfield>
    <subfield code="2">ddc</subfield>
    <subfield code="y">296</subfield>
    <subfield code="z">Phillipina Naude</subfield>
  </datafield>
  <datafield tag="999" ind1=" " ind2=" ">
    <subfield code="c">522134</subfield>
    <subfield code="d">522133</subfield>
  </datafield>
  <datafield tag="952" ind1=" " ind2=" ">
    <subfield code="0">0</subfield>
    <subfield code="1">0</subfield>
    <subfield code="2">ddc</subfield>
    <subfield code="4">0</subfield>
    <subfield code="7">0</subfield>
    <subfield code="a">SABIL</subfield>
    <subfield code="b">SABIL</subfield>
    <subfield code="d">2022-05-11</subfield>
    <subfield code="o">AJF HOUG</subfield>
    <subfield code="p">33228020646459</subfield>
    <subfield code="r">2022-05-11</subfield>
    <subfield code="w">2022-05-11</subfield>
    <subfield code="y">BK</subfield>
  </datafield>
  <datafield tag="952" ind1=" " ind2=" ">
    <subfield code="0">0</subfield>
    <subfield code="1">0</subfield>
    <subfield code="2">ddc</subfield>
    <subfield code="4">0</subfield>
    <subfield code="7">0</subfield>
    <subfield code="a">SABIL</subfield>
    <subfield code="b">SABIL</subfield>
    <subfield code="d">2022-06-27</subfield>
    <subfield code="o">AJF HOUG</subfield>
    <subfield code="p">33228022932600</subfield>
    <subfield code="r">2022-06-27</subfield>
    <subfield code="w">2022-06-27</subfield>
    <subfield code="y">BK</subfield>
  </datafield>
  <datafield tag="952" ind1=" " ind2=" ">
    <subfield code="0">0</subfield>
    <subfield code="1">0</subfield>
    <subfield code="4">0</subfield>
    <subfield code="7">0</subfield>
    <subfield code="a">NAZAL</subfield>
    <subfield code="b">NAZAL</subfield>
    <subfield code="d">2022-06-30</subfield>
    <subfield code="g">56.00</subfield>
    <subfield code="l">0</subfield>
    <subfield code="p">33228022128803</subfield>
    <subfield code="r">2022-06-30</subfield>
    <subfield code="w">2022-06-30</subfield>
    <subfield code="y">BK</subfield>
    <subfield code="z">64833</subfield>
  </datafield>
  <datafield tag="952" ind1=" " ind2=" ">
    <subfield code="0">0</subfield>
    <subfield code="1">0</subfield>
    <subfield code="4">0</subfield>
    <subfield code="7">0</subfield>
    <subfield code="a">SOMAPL</subfield>
    <subfield code="b">SOMAPL</subfield>
    <subfield code="d">2022-07-01</subfield>
    <subfield code="g">56.00</subfield>
    <subfield code="l">0</subfield>
    <subfield code="p">33228 02212870 4</subfield>
    <subfield code="r">2022-07-01</subfield>
    <subfield code="w">2022-07-01</subfield>
    <subfield code="y">BK</subfield>
    <subfield code="z">64833</subfield>
  </datafield>
  <datafield tag="952" ind1=" " ind2=" ">
    <subfield code="0">0</subfield>
    <subfield code="1">0</subfield>
    <subfield code="4">0</subfield>
    <subfield code="7">0</subfield>
    <subfield code="a">SOMAPL</subfield>
    <subfield code="b">SOMAPL</subfield>
    <subfield code="d">2022-07-01</subfield>
    <subfield code="g">56.00</subfield>
    <subfield code="l">0</subfield>
    <subfield code="p">33228 02213187 2</subfield>
    <subfield code="r">2022-07-01</subfield>
    <subfield code="w">2022-07-01</subfield>
    <subfield code="y">BK</subfield>
    <subfield code="z">64833</subfield>
  </datafield>
  <datafield tag="952" ind1=" " ind2=" ">
    <subfield code="0">0</subfield>
    <subfield code="1">0</subfield>
    <subfield code="4">0</subfield>
    <subfield code="7">0</subfield>
    <subfield code="a">GERAL</subfield>
    <subfield code="b">GERAL</subfield>
    <subfield code="d">2022-07-13</subfield>
    <subfield code="g">84.00</subfield>
    <subfield code="l">0</subfield>
    <subfield code="p">33909 00098 633</subfield>
    <subfield code="r">2022-07-13</subfield>
    <subfield code="w">2022-07-13</subfield>
    <subfield code="y">BK</subfield>
    <subfield code="z">042/19</subfield>
  </datafield>
  <datafield tag="952" ind1=" " ind2=" ">
    <subfield code="0">0</subfield>
    <subfield code="1">0</subfield>
    <subfield code="2">ddc</subfield>
    <subfield code="4">0</subfield>
    <subfield code="7">0</subfield>
    <subfield code="8">F</subfield>
    <subfield code="a">MBOMRL</subfield>
    <subfield code="b">HAZYL</subfield>
    <subfield code="c">GEN</subfield>
    <subfield code="d">2025-02-24</subfield>
    <subfield code="g">84.00</subfield>
    <subfield code="o">AJF HOUG</subfield>
    <subfield code="p">3322803165544</subfield>
    <subfield code="r">2025-02-24</subfield>
    <subfield code="w">2025-02-24</subfield>
    <subfield code="y">BK</subfield>
  </datafield>
</record>
